000 00547nam a2200217Ia 4500
005 20250425161848.0
008 250425s9999 xx 000 0 und d
020 _a997872253X
041 _aspa
082 _a341.3
100 _aARROYO DEL RIO, CARLOS
245 0 _aPOR LA PENDIENTE DEL SACRIFICIO
250 _a2A ED.
260 _aEcuador
_bBANCO CENTRAL DEL ECUADOR
_c1999
260 _aQUITO
300 _a566
650 _aDERECHO TERRITORIAL-ECUADOR
650 _aPROTOCOLO DE RIO DE JANEIRO
942 _c01
010 _a32799
999 _c217654
_d217654